000 00263nam a2200097Ia 4500
082 _a400 WORL
245 0 _aThe World's major languages
100 _a Comrie Bernard London, 2009 2nd ed
_976044
942 _cBK
008 210817s9999 xx 000 0 und d
999 _c252172
_d252171